[Event "Edmonton WBX Team"]
[Site "Edmonton"]
[Date "2006.12.16"]
[Round "3"]
[White "Asquith, Tom"]
[Black "Pedersen, Rick"]
[Result "1-0"]
[WhiteElo "1795"]
[BlackElo "1881"]
[PlyCount "94"]
[EventDate "2006.12.16"]
[EventType "team-swiss"]
[EventRounds "5"]
[EventCountry "CAN"]
[SourceTitle "EXT 2022"]
[Source "ChessBase"]
[SourceDate "2021.10.06"]
[SourceVersion "1"]
[SourceVersionDate "2021.10.06"]
[SourceQuality "1"]

1. e4 d6 2. c4 c5 3. g3 Nc6 4. Nc3 g6 5. Bg2 Bg7 6. Nge2 Bg4 7. h3 Be6 8. d3 Qd7 9. Be3 Nd4 10. Bxd4 cxd4 11. Nb5 Nh6 12. Nbxd4 0-0 13. Qb3 Rab8 14. Nxe6 fxe6 15. Nc3 Nf7 16. 0-0 Ne5 17. Rad1 Nf3+ 18. Kh1 a6 19. Qb6 Bd4 20. Qb3 Rf7 21. Ne2 Rbf8 22. Bxf3 Rxf3 23. Nxd4 Rxf2 24. Rxf2 Rxf2 25. Kg1 Rf7 26. Rf1 Rxf1+ 27. Kxf1 e5 28. c5+ d5 29. Ne2 Qxh3+ 30. Ke1 e6 31. exd5 Qh1+ 32. Kd2 exd5 33. Qxb7 Qh6+ 34. Kc2 Qe3 35. Qxd5+ Kg7 36. Qe4 Qxc5+ 37. Kb1 a5 38. d4 exd4 39. Qxd4+ Qxd4 40. Nxd4 Kf6 41. Kc2 Ke5 42. Nc6+ Kf5 43. Nxa5 h6 44. Kd3 g5 45. Ke3 Ke5 46. Nb3 Kd5 47. Nd2 h5 1-0

[Event "Edmonton WBX Team"]
[Site "Edmonton"]
[Date "2006.12.16"]
[Round "1"]
[White "Hughey, Micah"]
[Black "Asquith, Tom"]
[Result "1-0"]
[WhiteElo "2074"]
[BlackElo "1795"]
[PlyCount "71"]
[EventDate "2006.12.16"]
[EventType "team-swiss"]
[EventRounds "5"]
[EventCountry "CAN"]
[SourceTitle "EXT 2022"]
[Source "ChessBase"]
[SourceDate "2021.10.06"]
[SourceVersion "1"]
[SourceVersionDate "2021.10.06"]
[SourceQuality "1"]

1. e4 e5 2. Nf3 Nc6 3. Bc4 Nf6 4. Ng5 d5 5. exd5 b5 6. Bf1 Nd4 7. c3 h6 8. Nxf7 Kxf7 9. cxd4 Qxd5 10. Nc3 Qxd4 11. Bxb5 a6 12. Ba4 Bc5 13. Bb3+ Kg6 14. 0-0 Bg4 15. Qe1 Bf5 16. Qe3 Qd6 17. Qg3+ Kh7 18. d3 Rhf8 19. Ne4 Nxe4 20. dxe4 Bxe4 21. Be3 Rae8 22. Rad1 Qb6 23. Bxc5 Qxc5 24. Rc1 Qe7 25. f3 Bf5 26. Rc6 Rf6 27. Rfc1 Rc8 28. Qf2 Bd3 29. Bc2 e4 30. Rxf6 Qxf6 31. fxe4 Qxb2 32. Qf5+ g6 33. Qd7+ Kh8 34. Qxc8+ Kh7 35. Qxc7+ Kh8 36. Bxd3 1-0

[Event "Canadian op"]
[Site "Edmonton"]
[Date "2005.07.15"]
[Round "8"]
[White "Graves, Charles"]
[Black "Asquith, Tom"]
[Result "1-0"]
[WhiteElo "2000"]
[BlackElo "1789"]
[PlyCount "87"]
[EventDate "2005.07.09"]
[EventType "swiss"]
[EventRounds "10"]
[EventCountry "CAN"]
[SourceTitle "CBM 107 Extra"]
[Source "ChessBase"]
[SourceDate "2005.09.01"]
[SourceVersion "1"]
[SourceVersionDate "2005.09.01"]
[SourceQuality "1"]

1. f4 d5 2. b3 Bg4 3. g3 e6 4. Bg2 Nd7 5. Bb2 Ngf6 6. Nf3 c5 7. 0-0 Be7 8. d3 Qc7 9. Nbd2 0-0 10. e4 d4 11. h3 Bh5 12. Qe2 Bxf3 13. Nxf3 Nh5 14. Qf2 g6 15. Rae1 Rab8 16. a4 Rfe8 17. Bc1 Bf8 18. Nh2 f5 19. g4 Ng7 20. Kh1 b5 21. axb5 Qb6 22. Bd2 Qxb5 23. Ra1 Qb6 24. Ra4 a6 25. Rfa1 Ra8 26. exf5 Ra7 27. fxg6 hxg6 28. Be4 Kf7 29. Nf3 Nf6 30. Ne5+ Kg8 31. Bxg6 Ree7 32. Qh4 Nf5 33. gxf5 Rh7 34. Qg3 Rhg7 35. Qf3 exf5 36. Rg1 Ne4 37. dxe4 d3 38. Qxd3 fxe4 39. Qxe4 Rae7 40. Qd5+ Kh8 41. f5 Qf6 42. Bc3 Rxe5 43. Bxe5 Qc6 44. Rh4# 1-0

[Event "Canadian op"]
[Site "Edmonton"]
[Date "2005.07.10"]
[Round "2"]
[White "Breel, Kevin"]
[Black "Asquith, Tom"]
[Result "1/2-1/2"]
[WhiteElo "1544"]
[BlackElo "1789"]
[PlyCount "84"]
[EventDate "2005.07.09"]
[EventType "swiss"]
[EventRounds "10"]
[EventCountry "CAN"]
[SourceTitle "CBM 107 Extra"]
[Source "ChessBase"]
[SourceDate "2005.09.01"]
[SourceVersion "1"]
[SourceVersionDate "2005.09.01"]
[SourceQuality "1"]

1. d4 e6 2. c4 Nf6 3. Nc3 Bb4 4. Nf3 b6 5. Bg5 h6 6. Bh4 Bb7 7. e3 d5 8. Bd3 Nbd7 9. 0-0 0-0 10. Ne5 Be7 11. cxd5 exd5 12. Bb5 Nxe5 13. dxe5 Nd7 14. Bxe7 Qxe7 15. Nxd5 Bxd5 16. Qxd5 Nxe5 17. Bc6 Rad8 18. Qb5 Rd6 19. Be4 Rfd8 20. a4 c5 21. a5 Qh4 22. f3 Qf6 23. axb6 axb6 24. h3 Rd2 25. Kh1 Qg5 26. f4 Qh4 27. Qxb6 Nd3 28. Bxd3 R8xd3 29. Ra8+ Kh7 30. Qxc5 Qg3 31. Qf5+ Qg6 32. Qxg6+ Kxg6 33. Ra3 Rxa3 34. bxa3 Ra2 35. g4 Rxa3 36. Rf3 Ra2 37. Kg1 h5 38. Rf2 Ra3 39. Re2 hxg4 40. hxg4 Kf6 41. Kf2 g5 42. Kf3 gxf4 1/2-1/2

[Event "Edmonton CC July op"]
[Site "Edmonton"]
[Date "2004.07.25"]
[Round "1"]
[White "Hughey, Micah"]
[Black "Asquith, Tom"]
[Result "1-0"]
[WhiteElo "2013"]
[BlackElo "1666"]
[PlyCount "87"]
[EventDate "2004.07.??"]
[EventType "swiss"]
[EventRounds "5"]
[EventCountry "CAN"]
[SourceTitle "EXT 2006"]
[Source "ChessBase"]
[SourceDate "2005.11.24"]
[SourceVersion "1"]
[SourceVersionDate "2005.11.24"]
[SourceQuality "1"]

1. e4 c5 2. d4 cxd4 3. c3 Nf6 4. e5 Nd5 5. Nf3 Nc6 6. Bc4 Nb6 7. Bb3 d5 8. exd6 Qxd6 9. 0-0 Be6 10. Bxe6 Qxe6 11. Re1 Qd6 12. cxd4 e6 13. Nc3 Be7 14. Be3 0-0 15. a3 Nd5 16. Qb3 Nxe3 17. fxe3 Rab8 18. Rac1 Rfd8 19. Rc2 Kh8 20. Rec1 f5 21. Nb5 Qd7 22. Qa2 a6 23. Rxc6 bxc6 24. Ne5 Qe8 25. Qxe6 Rxb5 26. Nf7+ Kg8 27. Nd6+ Kh8 28. Nf7+ Kg8 29. Nd6+ Kh8 30. Nxe8 Rxe8 31. Rxc6 Rbb8 32. Qd7 Rbd8 33. Qxf5 Rf8 34. Qd3 a5 35. d5 Bg5 36. e4 Rb8 37. b3 a4 38. b4 Rbe8 39. d6 Re6 40. g3 Rd8 41. Kg2 Bf6 42. Qd5 Re5 43. Qc4 h6 44. Rc8 1-0

[Event "Edmonton June op"]
[Site "Edmonton"]
[Date "2004.06.05"]
[Round "2"]
[White "Asquith, Tom"]
[Black "Kazakevich, Alexander"]
[Result "1/2-1/2"]
[WhiteElo "1660"]
[BlackElo "1667"]
[PlyCount "113"]
[EventDate "2004.06.??"]
[EventType "tourn"]
[EventRounds "5"]
[EventCountry "CAN"]
[SourceTitle "EXT 2006"]
[Source "ChessBase"]
[SourceDate "2005.11.24"]
[SourceVersion "1"]
[SourceVersionDate "2005.11.24"]
[SourceQuality "1"]

1. e4 d5 2. exd5 Qxd5 3. Nc3 Qa5 4. d4 Nf6 5. h3 Bf5 6. Bd3 Bxd3 7. Qxd3 Nc6 8. Nf3 0-0-0 9. Be3 h6 10. 0-0 g5 11. a3 g4 12. hxg4 Nxg4 13. d5 Nxe3 14. Qxe3 Nb8 15. Qf4 f6 16. Nd4 Nd7 17. Rfe1 h5 18. b4 Qb6 19. Re6 Bh6 20. Qe4 f5 21. Nxf5 Nf6 22. Nxe7+ Kb8 23. Qe2 Rd6 24. Nf5 Rxe6 25. dxe6 Qc6 26. Qe5 Rg8 27. g3 Ng4 28. Qe1 Bg5 29. Rd1 h4 30. e7 hxg3 31. Nxg3 Re8 32. b5 Qh6 33. Qe2 Qh2+ 34. Kf1 Qh3+ 35. Ke1 b6 36. Rd7 Nxf2 37. Rd8+ Rxd8 38. exd8Q+ Bxd8 39. Qxf2 Bh4 40. Nce4 Qe6 41. Kd1 Qd5+ 42. Kc1 Bxg3 43. Nxg3 Qxb5 44. Qe3 a5 45. Ne2 Kb7 46. Nc3 Qc6 47. Qe4 Qxe4 48. Nxe4 Kc6 49. Kd2 Kb5 50. Nc3+ Kc4 51. a4 c6 52. Nd1 b5 53. axb5 cxb5 54. Nb2+ Kb4 55. c3+ Kb3 56. Nd3 a4 57. Nc5+ 1/2-1/2

[Event "Edmonton June op"]
[Site "Edmonton"]
[Date "2004.06.05"]
[Round "3"]
[White "Babb, Dwight"]
[Black "Asquith, Tom"]
[Result "1-0"]
[WhiteElo "1669"]
[BlackElo "1660"]
[PlyCount "91"]
[EventDate "2004.06.??"]
[EventType "tourn"]
[EventRounds "5"]
[EventCountry "CAN"]
[SourceTitle "EXT 2006"]
[Source "ChessBase"]
[SourceDate "2005.11.24"]
[SourceVersion "1"]
[SourceVersionDate "2005.11.24"]
[SourceQuality "1"]

1. Nf3 f5 2. c4 Nf6 3. g3 g6 4. b3 Bg7 5. Bb2 d6 6. d4 c6 7. Bg2 0-0 8. 0-0 Qe8 9. d5 e5 10. dxe6 Qxe6 11. Nc3 Na6 12. Re1 Nc5 13. Ng5 Qe7 14. Qc2 h6 15. Nh3 a5 16. Rad1 Rd8 17. e3 Bd7 18. Re2 Be8 19. Ba3 Bf7 20. Red2 Bf8 21. Kh1 Qe5 22. Ng1 Ne8 23. Nf3 Qf6 24. Bb2 Qe7 25. Ne1 Nf6 26. Ba3 Ne8 27. Nd3 Ne6 28. Ne5 Qf6 29. Nxf7 Qxf7 30. f4 Kh7 31. e4 N8g7 32. Re2 fxe4 33. Bxe4 c5 34. Bd5 Qf6 35. Bb2 Nd4 36. Rxd4 cxd4 37. Nb5 Nf5 38. Re6 Qg7 39. Qe4 Rab8 40. g4 Ne7 41. Bxd4 Qg8 42. Nxd6 Rxd6 43. Rxd6 Nxd5 44. Rxd5 Bb4 45. f5 Rf8 46. Rd7+ 1-0

[Event "Edmonton op10"]
[Site "Edmonton"]
[Date "2003.10.12"]
[Round "4"]
[White "Mrdeza, Jason"]
[Black "Asquith, Tom"]
[Result "0-1"]
[WhiteElo "1285"]
[BlackElo "1653"]
[PlyCount "118"]
[EventDate "2003.10.11"]
[EventType "swiss"]
[EventRounds "6"]
[EventCountry "CAN"]
[SourceTitle "EXT 2008"]
[Source "ChessBase"]
[SourceDate "2007.11.25"]
[SourceVersion "1"]
[SourceVersionDate "2007.11.25"]
[SourceQuality "1"]

1. e4 c6 2. d4 d5 3. e5 Bf5 4. f4 e6 5. Nc3 c5 6. Nf3 a6 7. a4 Nc6 8. Be3 Nb4 9. Bd3 Nxd3+ 10. cxd3 Bg4 11. dxc5 d4 12. Ne4 dxe3 13. Nd6+ Bxd6 14. cxd6 Qa5+ 15. Ke2 Nh6 16. Kxe3 Nf5+ 17. Kf2 Qb6+ 18. d4 Bxf3 19. Kxf3 Nxd4+ 20. Kg3 Nf5+ 21. Kh3 0-0 22. Qd2 Qd8 23. g3 Qb6 24. Ra3 h5 25. Rc1 Rad8 26. d7 Ne7 27. Rac3 Nd5 28. Rc8 Rxd7 29. Rxf8+ Kxf8 30. Rc8+ Rd8 31. a5 Nxf4+ 32. Qxf4 Qxa5 33. Rxd8+ Qxd8 34. Qb4+ Qe7 35. Qb6 g5 36. g4 h4 37. Kg2 Qd7 38. Kf2 Qd2+ 39. Kf1 Qf4+ 40. Kg1 Qxg4+ 41. Kf2 Qf5+ 42. Ke3 Qxe5+ 43. Kf3 Qd5+ 44. Ke3 Qe5+ 45. Kd3 Qf5+ 46. Ke3 Qd5 47. h3 Kg7 48. b4 Qg2 49. Qd4+ Kg6 50. Qd3+ f5 51. Qd8 Qxh3+ 52. Kf2 Qg3+ 53. Ke2 Qe5+ 54. Kf2 Kh5 55. Qd1+ g4 56. Qd8 g3+ 57. Kg1 Qe1+ 58. Kg2 Qf2+ 59. Kh3 Qh2# 0-1

[Event "ECC Summer Swiss"]
[Site "Edmonton"]
[Date "2003.07.17"]
[Round "3"]
[White "Asquith, Tom"]
[Black "Beebe, Greg"]
[Result "1-0"]
[WhiteElo "1606"]
[BlackElo "1758"]
[PlyCount "109"]
[EventDate "2003.07.03"]
[EventType "swiss"]
[EventRounds "5"]
[EventCountry "CAN"]
[SourceTitle "EXT 2017"]
[Source "ChessBase"]
[SourceDate "2016.10.25"]
[SourceVersion "1"]
[SourceVersionDate "2016.10.25"]
[SourceQuality "1"]

1. e4 e5 2. Nf3 Nf6 3. Nc3 Nc6 4. Bb5 d6 5. 0-0 Bd7 6. d4 exd4 7. Nxd4 Nxd4 8. Bxd7+ Qxd7 9. Qxd4 Be7 10. f3 b6 11. Be3 0-0 12. Rad1 Rfd8 13. g4 h6 14. e5 dxe5 15. Qxe5 Bd6 16. Qb5 Qe6 17. Bf2 a6 18. Qe2 Re8 19. Qd3 b5 20. b3 Rad8 21. Rfe1 Qc8 22. Rxe8+ Nxe8 23. Kg2 Qb7 24. Qe2 Nf6 25. h3 Re8 26. Qd3 Qc6 27. Ne2 Rd8 28. Nd4 Qd7 29. c4 Be5 30. c5 c6 31. Qe3 Re8 32. Qd3 Nd5 33. Ne2 Qe7 34. Qd2 Bf6 35. Nd4 Bxd4 36. Qxd4 Qe2 37. Re1 Qxe1 38. Bxe1 Rxe1 39. Kf2 Rc1 40. Kg3 Rc2 41. a4 g5 42. h4 f6 43. Qe4 gxh4+ 44. Kxh4 Ra2 45. Kh5 Kf7 46. Qg6+ Ke6 47. Kxh6 bxa4 48. bxa4 Rxa4 49. Qe8+ Ne7 50. Qb8 Ra3 51. Kg7 Rd3 52. f4 Rd7 53. Kh6 a5 54. Qe8 a4 55. f5+ 1-0

[Event "Edmonton op05b"]
[Site "Edmonton"]
[Date "2003.05.11"]
[Round "?"]
[White "Stark, Mark"]
[Black "Asquith, Tom"]
[Result "1-0"]
[WhiteElo "1786"]
[BlackElo "1654"]
[PlyCount "55"]
[EventDate "2003.05.10"]
[EventType "swiss"]
[EventRounds "5"]
[EventCountry "CAN"]
[SourceTitle "EXT 2008"]
[Source "ChessBase"]
[SourceDate "2007.11.25"]
[SourceVersion "1"]
[SourceVersionDate "2007.11.25"]
[SourceQuality "1"]

1. d4 f5 2. Bg5 h6 3. Bh4 g5 4. e4 Nf6 5. e5 Ng4 6. h3 d5 7. hxg4 gxh4 8. gxf5 h5 9. e6 Qd6 10. Nf3 Bg7 11. Be2 Qb4+ 12. Nbd2 Qxb2 13. Rb1 Qxa2 14. Ng5 Bxd4 15. Kf1 b6 16. Bxh5+ Kf8 17. Nf7 Ba6+ 18. Kg1 Qa3 19. Nb3 Bxf2+ 20. Kxf2 Rg8 21. Qxd5 c6 22. Qd8+ Kg7 23. Qd4+ Kf8 24. Rxh4 Qa2 25. Qd8+ Kg7 26. Rg4+ Kf6 27. Qd4+ Kxf5 28. Qe5# 1-0

[Event "Two Weekends Before Christmas"]
[Site "Edmonton"]
[Date "2002.12.14"]
[Round "1"]
[White "Asquith, Tom"]
[Black "Dean, Tim"]
[Result "1-0"]
[WhiteElo "1578"]
[BlackElo "1779"]
[PlyCount "69"]
[EventDate "2002.12.14"]
[EventType "swiss"]
[EventRounds "5"]
[EventCountry "CAN"]
[SourceTitle "EXT 2017"]
[Source "ChessBase"]
[SourceDate "2016.10.25"]
[SourceVersion "1"]
[SourceVersionDate "2016.10.25"]
[SourceQuality "1"]

1. d4 Nf6 2. Nc3 d5 3. Bg5 Bf5 4. Nf3 e6 5. Ne5 Be7 6. e3 Nbd7 7. f4 h6 8. Bxf6 Nxf6 9. g4 Be4 10. Rg1 Nd7 11. Nxe4 dxe4 12. c3 Bh4+ 13. Kd2 Nxe5 14. fxe5 Qg5 15. Qe2 0-0 16. Qg2 c5 17. Qxe4 cxd4 18. cxd4 Qd8 19. Bd3 g6 20. Raf1 Qe7 21. Qf4 Bg5 22. Qe4 Rac8 23. Ke2 Qb4 24. b3 Qa3 25. Bb1 Qb2+ 26. Kf3 f5 27. exf6 Rxf6+ 28. Kg3 Bh4+ 29. Kh3 Rcf8 30. Rg2 Qa3 31. Kxh4 Qe7 32. Rxf6 Qxf6+ 33. Kh3 Kg7 34. Qxb7+ Rf7 35. Qe4 1-0